Statistics for Biggest Cities of Roman Gaul in 117 AD with a Map

Click here to take the quiz!

General Stats

  • This quiz has been taken 72 times
  • The average score is 28 of 76

Answers on the Map

Answers color-coded by a green-red scale on the quiz's map according to % correct below.
 

Answer Stats

PopulationCity% Correct
26kBurdigala
(Bordeaux)
98%
60kLugdunum
(Lyon)
98%
10kLutetia Parisiorum
(Paris)
97%
7kMassalia
(Marseille)
91%
7kTolosa
(Toulouse)
90%
24kColonia Claudia Ara Agrippinensium
(Cologne)
86%
14kRotomagus
(Rouen)
81%
5kCondevicnum
(Nantes)
78%
8kArgentorate
(Strasbourg)
76%
7kCaesarodunum
(Tours)
72%
50kDurocortorum
(Reims)
72%
28kAugusta Treverorum
(Trier)
69%
7kCondate Redonum
(Rennes)
69%
12kDivodurum Mediomatricum
(Metz)
69%
20kMogontiacum
(Mainz)
69%
29kNarbo Martius
(Narbonne)
67%
14kLimonum
(Poitiers)
64%
28kNemausus
(Nîmes)
60%
36kSamarobriva
(Amiens)
60%
10kIuliomagus
(Angers)
57%
17kAugustonemetum
(Clermont-Ferrand)
50%
17kAugustoritum
(Limoges)
48%
5kArelate
(Arles)
45%
6kNida
(Frankfurt am Main)
43%
15kVesontio
(Besançon)
43%
5kDarioritum
(Vannes)
41%
7kBorbetomagus
(Worms)
40%
10kVienna
(Vienne)
38%
12kAgedincum
(Sens)
34%
6kAugustobona Tricassium
(Troyes)
33%
19kAvaricum
(Bourges)
33%
17kAugusta Suessionum
(Soissons)
31%
10kCaesaromagus
(Beauvais)
31%
14kMediolanum Santonorum
(Saintes)
31%
15kAutricum
(Chartres)
29%
5kBaeterrae
(Béziers)
29%
12kColonia Ulpia Traiana
(Xanten)
29%
5kUlpia Noviomagus Batavorum
(Nijmegen)
29%
50kAugustodunum
(Autun)
28%
10kGisacum
(Le Vieil-Évreux)
26%
5kArausio
(Orange)
24%
5kAquae Mattiacorum
(Wiesbaden)
22%
10kVesunna
(Périgueux)
22%
12kAginnum
(Agen)
21%
34kAlesia
(Alise-Sainte-Reine)
21%
19kAtuatuca Tungronum
(Tongeren)
21%
7kForum Iulii
(Fréjus)
21%
5kNoviodunum
(Nyon)
21%
7kAugustomagus
(Senlis)
19%
6kIantinum
(Meaux)
19%
5kLugdunum Convenarum
(Saint-Bertrand-de-Comminges)
19%
12kAndematunnum
(Langres)
17%
10kDivona
(Cahors)
17%
10kVorgium
(Carhaix-Plouguer)
17%
7kAugusta Viromanduorum
(Saint-Quentin)
16%
5kIuliobona
(Lillebonne)
16%
10kAlauna
(Valognes)
14%
12kArgentomagus
(Argenton-sur-Creuse)
14%
6kAugusta Raurica
(Augst)
14%
11kBriga
(Eu)
14%
7kElusa
(Eauze)
14%
10kAndesina
(Grand)
12%
5kAventicum
(Avenches)
12%
10kForum Segusiavorum
(Feurs)
12%
9kVasio Vocontiorum
(Vaison-la-Romaine)
12%
7kAugusta Tricastinorum
(Saint-Paul-Trois-Châteaux)
10%
8kBagacum
(Bavay)
10%
12kBriva
(Naintré)
10%
5kLactora
(Lectoure)
10%
6kLopodunum
(Ladenburg)
10%
5kRauranum
(Rom)
10%
5kSumelocenna
(Rottenburg am Neckar)
10%
5kAnderitum
(Javols)
9%
6kEpamanduodurum
(Mandeure)
9%
8kFanum Martis
(Corseul)
9%
11kNasium
(Naix-aux-Forges)
9%

Score Distribution

Percentile by Number Answered

Percent of People with Each Score

Your Score History

You have not taken this quiz